000
00225nam a22000857a 4500
008
160803b xxu||||| |||| 00| 0 eng d
100
_9
2
_a
Goscinny R
245
_a
The Secret Weapon
_b
Asterix
260
_a
USA
_b
Orion Publication
_c
2004
999
_c
2652
_d
2652